[Event "División de Honor Aragonesa 2019 - Encuentros por tableros Global"]
[Site ""]
[Date "2019.03.02"]
[Round "6.13"]
[White "Del Rey, Diego"]
[Black "Sacristan Latorre, Alberto"]
[Result "1-0"]
[WhiteElo "2356"]
[BlackElo "2080"]
[PlyCount "0"]
[WhiteTeam "El Olivar"]
[BlackTeam "Palacio de Pioneros B"]
[EventDate "2019.01.26"]

1. d4 Nf6 2. Nf3 b5 3. g3 Bb7 4. Bg2 e6 5. O-O Be7 6. Bg5 h6 7. Bxf6 Bxf6 8. c3
O-O 9. Qd3 Bxf3 10. Bxf3 c6 11. Nd2 Be7 12. a4 bxa4 13. Rxa4 d5 14. Rfa1 Qc7
15. e4 Nd7 16. b4 Nb6 17. Ra6 Rfd8 18. e5 Qb7 19. Bd1 f6 20. exf6 Bxf6 21. Bc2
g5 22. Qg6+ Qg7 23. Nf3 g4 24. Ne5 Qxg6 25. Nxg6 Bg5 26. Ne5 Rac8 27. Rxa7 Ra8
28. Nxc6 Rxa7 29. Rxa7 Ra8 30. Rxa8+ Nxa8 31. Na7 Bd2 32. Nb5 Kf7 33. Kf1 Kf6
34. Ke2 Bc1 35. Bb3 Nb6 36. Nc7 h5 37. Na6 h4 38. Nc5 hxg3 39. hxg3 Bg5 40. Nd3
Nd7 41. Ba4 Nb6 42. Bb5 Bh6 43. Ne5 Kf5 44. Bd3+ Kg5 45. Nf7+ Kh5 46. Nxh6 Kxh6
47. Kd2 Kg5 48. Kc2 Kf6 49. Be2 1-0

[Event "División de Honor Aragonesa 2019 - Encuentros por tableros Global"]
[Site ""]
[Date "2019.03.02"]
[Round "6.14"]
[White "Castillo Sanjuan, Alejandro"]
[Black "Ramo Frontinan, Cristobal"]
[Result "1/2-1/2"]
[WhiteElo "2079"]
[BlackElo "2328"]
[PlyCount "0"]
[WhiteTeam "Palacio de Pioneros B"]
[BlackTeam "El Olivar"]
[EventDate "2019.01.26"]

1. e4 c6 2. d4 d5 3. e5 g6 4. Nc3 Bg7 5. Bg5 f6 6. exf6 exf6 7. Bf4 Ne7 8. Bd3
Bf5 9. g4 Bxd3 10. Qxd3 Qd7 11. Qg3 Na6 12. O-O-O O-O-O 13. Nge2 h5 14. h3 b6
15. Rhe1 Kb7 16. Bd2 hxg4 17. hxg4 Nc7 18. Nf4 g5 19. Nh5 Nf5 20. Qd3 Nh4 21.
Re2 Qxg4 22. Nxg7 Qd7 23. Rde1 Qxg7 24. Re7 Qg6 25. Rxc7+ Kxc7 26. Qa6 Rhe8 27.
Qxa7+ Kc8 28. Qxb6 Rxe1+ 29. Bxe1 Qe8 30. Bd2 Kd7 31. Na4 Ke6 32. Nc5+ Kf5 33.
Nb7 Qe2 34. b3 Ra8 35. a4 Nf3 36. Be3 Ra6 37. Qc5 Kg4 38. Nd8 f5 39. Qd6 f4 40.
Qe6+ Kh4 41. Qh6+ Kg4 42. Qe6+ Kh4 43. Qh6+ Kg4 44. Qe6+ 1/2-1/2

[Event "División de Honor Aragonesa 2019 - Encuentros por tableros Global"]
[Site ""]
[Date "2019.03.02"]
[Round "6.15"]
[White "Villuendas Valero, Adrian"]
[Black "Colom Sienes, Eduardo"]
[Result "1/2-1/2"]
[WhiteElo "2249"]
[BlackElo "2047"]
[PlyCount "0"]
[WhiteTeam "El Olivar"]
[BlackTeam "Palacio de Pioneros B"]
[EventDate "2019.01.26"]

1. d4 Nf6 2. Bg5 e6 3. e4 Be7 4. e5 Nd5 5. Bd2 c5 6. c4 Nb6 7. dxc5 Bxc5 8. Nf3
Nc6 9. Nc3 O-O 10. Bd3 f6 11. exf6 gxf6 12. O-O d5 13. cxd5 exd5 14. Ne2 Bd6
15. Nfd4 Ne5 16. Bf4 Kh8 17. Bc2 Ng6 18. Bxd6 Qxd6 19. Ng3 Qf4 20. Re1 Nc4 21.
Nde2 Qd6 22. Qd4 Be6 23. Rad1 Nce5 24. Nc3 Rad8 25. Bb3 Bg4 26. Rc1 Nf4 27. Nb5
Nh3+ 28. Kh1 Nf3 29. Nxd6 Nxd4 30. Nxb7 Nxf2+ 31. Kg1 Nd3 32. Nxd8 Rxd8 33. Ba4
Rb8 34. Rcd1 Nxe1 35. Rxd4 Be6 36. Rd1 Nxg2 37. Kxg2 Rxb2+ 38. Kg1 Rxa2 39. Bb3
Ra5 40. Nh5 Bg4 41. Rf1 Bxh5 42. Rxf6 Bg6 43. Rd6 Be4 44. Kf2 Rb5 45. Ba4 Ra5
46. Bb3 Kg7 47. h4 Kf8 48. Bd1 Ke7 49. Rh6 Ra3 50. Bg4 a5 51. Ra6 a4 52. h5 Ra1
53. Ke3 a3 54. Kd4 a2 55. Be2 Rc1 56. Rxa2 Rc2 57. Rxc2 Bxc2 1/2-1/2

[Event "División de Honor Aragonesa 2019 - Encuentros por tableros Global"]
[Site ""]
[Date "2019.03.02"]
[Round "6.17"]
[White "Gracia Suarez, Jesus"]
[Black "Baron Rodriguez, Jesus"]
[Result "0-1"]
[WhiteElo "2080"]
[BlackElo "2416"]
[PlyCount "0"]
[WhiteTeam "San Jose"]
[BlackTeam "Ibercaja"]
[EventDate "2019.01.26"]

1. Nc3 d5 2. e4 e6 3. d4 Bb4 4. Nge2 dxe4 5. a3 Bxc3+
6. Nxc3 Nc6 7. Bb5 Nge7 8. Bg5 f6 9. Be3 O-O 10. Nxe4 f5 11. Ng5 f4 12. Qh5 h6
13. O-O Qd5 14. Bxc6 Nxc6 0-1

[Event "División de Honor Aragonesa 2019 - Encuentros por tableros Global"]
[Site ""]
[Date "2019.03.02"]
[Round "6.18"]
[White "Moreno Gracia, Daniel"]
[Black "Gutierrez Mingueza, Ruben"]
[Result "1-0"]
[WhiteElo "2289"]
[BlackElo "2068"]
[PlyCount "0"]
[WhiteTeam "Ibercaja"]
[BlackTeam "San Jose"]
[EventDate "2019.01.26"]

1. d4 Nf6 2. Nf3 e6 3. Bf4 d5 4. e3 Bd6 5. Bg3 O-O 6. Nbd2 c5 7. c3 Qc7 8. Bd3
Nbd7 9. e4 dxe4 10. Nxe4 Nxe4 11. Bxe4 Nf6 12. Bc2 Rd8 13. Qe2 cxd4 14. Nxd4
Bd7 15. O-O-O Rac8 16. Nb5 Bxb5 17. Qxb5 a6 18. Qe2 b5 19. Kb1 Qc6 20. Bxd6
Rxd6 21. Rxd6 Qxd6 22. g3 Rc5 23. Rd1 Rd5 24. Bb3 Rxd1+ 25. Qxd1 Nd5 26. Qd4 g6
27. h4 h5 28. a3 Qc6 29. c4 bxc4 30. Bxc4 a5 31. Bd3 Qc7 32. Ka2 Ne7 33. Be4
Nc8 34. b4 axb4 35. axb4 Nb6 36. Kb3 Qa7 37. Bc6 Qc7 38. b5 Qa7 39. f3 Qa5 40.
g4 Nd5 41. gxh5 gxh5 42. f4 Ne7 43. Qd7 Nf5 44. Be4 Qe1 45. Bxf5 exf5 46. Qxf5
Qe3+ 47. Kc4 Qc1+ 48. Kd5 Qd2+ 49. Kc6 Qc3+ 50. Kb7 Qf3+ 51. Kb8 Qe2 52. b6 Qa6
53. Qc8+ 1-0

[Event "División de Honor Aragonesa 2019 - Encuentros por tableros Global"]
[Site ""]
[Date "2019.03.02"]
[Round "6.19"]
[White "Ferreruela Romero, Jose Joaquin"]
[Black "Aguirre Izaguirre, Pedro Jose"]
[Result "0-1"]
[WhiteElo "2033"]
[BlackElo "2189"]
[PlyCount "0"]
[WhiteTeam "San Jose"]
[BlackTeam "Ibercaja"]
[EventDate "2019.01.26"]

1. d4 f5 2. Bg5 d5 3. e3 c6 4. c4 Nf6 5. Bxf6 exf6 6.
Nc3 Be6 7. Qb3 Qd7 8. cxd5 cxd5 9. Bb5 Nc6 10. Nge2 Bd6 11. Nf4 Bxf4 12. exf4
Qd6 13. Bxc6+ bxc6 14. Qa3 Qxf4 15. O-O Qxd4 16. Rfe1 Kf7 17. Qd6 Rhe8 18. Qxc6
Rac8 19. Qa6 Qb6 20. Qxb6 axb6 21. Nb5 Red8 22. a4 Rc4 23. b3 Rb4 24. Rac1 Re4
25. Rc7+ Kg6 26. Kf1 d4 27. Rb1 d3 28. f3 Rb4 29. Rc6 Bxb3 30. Nc3 d2 31. Ke2
Bc4+ 32. Rxc4 Rxc4 33. Nd1 0-1

[Event "División de Honor Aragonesa 2019 - Encuentros por tableros Global"]
[Site ""]
[Date "2019.03.02"]
[Round "6.20"]
[White "Palacios Latasa, Elias"]
[Black "Palomar Ramon, Santiago"]
[Result "1-0"]
[WhiteElo "2216"]
[BlackElo "1946"]
[PlyCount "0"]
[WhiteTeam "Ibercaja"]
[BlackTeam "San Jose"]
[EventDate "2019.01.26"]

1. e4 c5 2. b3 e6 3. Bb2 Nc6 4. f4 Nf6 5. d3 Qc7 6. g3 e5 7. Bg2 exf4 8. e5
fxg3 9. exf6 gxf6 10. Bxf6 Qf4 11. Qe2+ Be7 12. Bxh8 Qc1+ 13. Qd1 Qe3+ 14. Ne2
Qf2+ 15. Kd2 Qxg2 16. hxg3 Bg5+ 17. Kc3 Qd5 18. Kb2 f6 19. Nf4 Qd4+ 20. Nc3 b5
21. Qg1 Bb7 22. Qxd4 Nxd4 23. Rxh7 O-O-O 24. Ncd5 Bxf4 25. Nxf4 Re8 26. Bxf6
Re3 27. Rh8+ Kc7 28. Bd8+ 1-0

[Event "División de Honor Aragonesa 2019 - Encuentros por tableros Global"]
[Site ""]
[Date "2019.03.02"]
[Round "6.21"]
[White "Cid Royo, Jonathan"]
[Black "Romero Pallares, Daniel"]
[Result "1-0"]
[WhiteElo "2205"]
[BlackElo "2190"]
[PlyCount "0"]
[WhiteTeam "L'Aurora Estadilla"]
[BlackTeam "Palacio de Pioneros A"]
[EventDate "2019.01.26"]

1. e4 e6 2. d4 d5 3. Nc3 Nf6 4. Bg5 Be7 5. e5 Nfd7 6. Bxe7 Qxe7 7. f4 O-O 8.
Nf3 c5 9. Nb5 Nc6 10. c3 f6 11. Bd3 fxe5 12. fxe5 a6 13. Nd6 cxd4 14. cxd4 Rxf3
15. Qxf3 Nxd4 16. Bxh7+ Kxh7 17. Qh5+ Kg8 18. O-O Nf5 19. g4 Nxe5 20. gxf5 Qxd6
21. f6 Bd7 22. f7+ Nxf7 23. Qxf7+ Kh8 24. Rf4 Qc5+ 25. Kh1 1-0

[Event "División de Honor Aragonesa 2019 - Encuentros por tableros Global"]
[Site ""]
[Date "2019.03.02"]
[Round "6.22"]
[White "Palacios Herrero, Pablo"]
[Black "Cid Royo, Oscar"]
[Result "1-0"]
[WhiteElo "2173"]
[BlackElo "2042"]
[PlyCount "0"]
[WhiteTeam "Palacio de Pioneros A"]
[BlackTeam "L'Aurora Estadilla"]
[EventDate "2019.01.26"]

1. e4 c6 2. d4 d5 3. e5 Bf5 4. Nf3 e6 5. Be2 h5 6. Nbd2 g5 7. h4 g4 8. Ng5 Be7
9. Nb3 Nd7 10. Be3 Qb6 11. O-O Nh6 12. Rc1 Bg6 13. g3 Nf5 14. Bf4 a5 15. a4 Nf8
16. Kh2 Nh7 17. Nxh7 Bxh7 18. Qd2 Bb4 19. c3 Be7 20. Nc5 Qc7 21. Bg5 Rg8 22.
Bxe7 Qxe7 23. Qf4 b6 24. Nd3 Nxh4 25. gxh4 Qxh4+ 26. Kg1 Qh3 27. Qg3 Be4 28.
Qxh3 gxh3+ 29. Kh2 Ke7 30. Nf4 Rg5 31. Rg1 Rag8 32. Rxg5 Rxg5 33. Rg1 Rxg1 34.
Kxg1 Bc2 35. Bxh5 Bxa4 36. Nxh3 c5 37. dxc5 bxc5 38. Kf1 f6 39. f4 Bb3 40. Ke1
1-0

[Event "División de Honor Aragonesa 2019 - Encuentros por tableros Global"]
[Site ""]
[Date "2019.03.02"]
[Round "6.23"]
[White "Fuentes Espuna, Juan Antonio"]
[Black "Baquedano Coarasa, Pablo"]
[Result "0-1"]
[WhiteElo "1948"]
[BlackElo "2169"]
[PlyCount "0"]
[WhiteTeam "L'Aurora Estadilla"]
[BlackTeam "Palacio de Pioneros A"]
[EventDate "2019.01.26"]

1. d4 Nf6 2. c4 g6 3. Nc3 Bg7 4. e4 d6 5. f4 O-O 6. Nf3 c5 7. d5 Bg4 8. Bd3 e6
9. O-O exd5 10. exd5 Re8 11. h3 Bf5 12. Bxf5 gxf5 13. Re1 Rxe1+ 14. Qxe1 Na6
15. Be3 Qd7 16. Qd2 Ne4 17. Nxe4 fxe4 18. Ne1 b5 19. Rc1 f5 20. b3 bxc4 21.
bxc4 Qa4 22. g4 Rb8 23. gxf5 Rb2 24. Rc2 Rb1 25. f6 Bxf6 26. Qg2+ Kf8 27. Qxe4
Rxe1+ 28. Kf2 Nb4 29. Rd2 Bh4+ 30. Kf3 Qd7 31. f5 Bg5 32. Re2 Rxe2 33. Kxe2
Bxe3 34. Kxe3 Qe7 35. Qe6 Qxe6+ 36. dxe6 Ke7 37. a4 Kf6 38. Kf4 Nc6 39. Ke4 Ne7
0-1

[Event "División de Honor Aragonesa 2019 - Encuentros por tableros Global"]
[Site ""]
[Date "2019.03.02"]
[Round "6.24"]
[White "Iglesias Fernandez, Luis"]
[Black "Pellicer Cemeli, Jose Luis"]
[Result "0-1"]
[WhiteElo "1912"]
[BlackElo "1941"]
[PlyCount "0"]
[WhiteTeam "Palacio de Pioneros A"]
[BlackTeam "L'Aurora Estadilla"]
[EventDate "2019.01.26"]

1. e4 c5 2. Nf3 Nc6 3. d4 cxd4 4. Nxd4 g6 5. Nc3 Bg7 6. Be3 a6 7. Bc4 Nf6 8.
Bb3 d6 9. f3 Bd7 10. Nd5 Nxd5 11. Bxd5 Rc8 12. c3 O-O 13. Nxc6 Bxc6 14. Bd4 Qa5
15. Bxg7 Kxg7 16. Qd4+ e5 17. Qd2 Bxd5 18. Qxd5 Qxd5 19. exd5 Rc5 20. O-O-O b5
21. a3 a5 22. Rhe1 b4 23. axb4 axb4 24. Kc2 bxc3 25. bxc3 Ra8 26. Rg1 Raa5 27.
g3 Rxd5 28. Ra1 Kf6 29. h4 h5 30. g4 Rxa1 31. Rxa1 hxg4 32. fxg4 e4 33. Rf1+
Ke6 34. Rf4 f5 35. gxf5+ gxf5 36. h5 e3 37. Rh4 Kf7 38. h6 Kg8 39. c4 e2 40.
Rh1 Rd4 41. h7+ Kh8 42. Kc1 f4 0-1

[Event "División de Honor Aragonesa 2019 - Encuentros por tableros Global"]
[Site ""]
[Date "2019.03.02"]
[Round "6.25"]
[White "Baigorri Navarro, Fco. Javier"]
[Black "Llanes Luno, Ricardo"]
[Result "0-1"]
[WhiteElo "2213"]
[BlackElo "2201"]
[PlyCount "0"]
[WhiteTeam "ONCE C.A. Aragon"]
[BlackTeam "Delicias"]
[EventDate "2019.01.26"]

1. Nf3 d5 2. g3 Nf6 3. Bg2 c6 4. O-O g6 5. b3 Bg7 6. Bb2 O-O 7. d3 Re8 8. c4
Nbd7 9. Qc2 e5 10. cxd5 Nxd5 11. Nbd2 N7b6 12. Rad1 Qe7 13. Qb1 Bd7 14. Qa1
Rad8 15. a3 c5 16. Rc1 Bc6 17. Rc2 Nd7 18. Nc4 b6 19. Rcc1 Ba8 20. b4 cxb4 21.
axb4 Nxb4 22. Ne3 a5 23. Rfd1 f5 24. Nc4 e4 25. dxe4 fxe4 26. Nd4 Nc5 27. Qa3
Nd5 28. Nxb6 Nxb6 29. Qxc5 Qxc5 30. Rxc5 Na4 0-1

[Event "División de Honor Aragonesa 2019 - Encuentros por tableros Global"]
[Site ""]
[Date "2019.03.02"]
[Round "6.27"]
[White "Laliena Solanes, Luis"]
[Black "Llanes Luno, Pedro Alfredo"]
[Result "1/2-1/2"]
[WhiteElo "2177"]
[BlackElo "2011"]
[PlyCount "0"]
[WhiteTeam "ONCE C.A. Aragon"]
[BlackTeam "Delicias"]
[EventDate "2019.01.26"]

1. e4 c5 2. Nc3 d6 3. Bb5+ Nd7 4. d4 cxd4 5. Qxd4 a6 6. Bxd7+ Qxd7 7. Nf3 e5 8.
Qd3 Qc6 9. O-O Be6 10. Nd5 Rc8 11. c3 Nf6 12. Rd1 h6 13. Ne1 Qc4 14. f3 Nxd5
15. exd5 Bd7 16. Be3 Be7 17. Qxc4 Rxc4 18. Rac1 Ra4 19. a3 O-O 20. c4 Rc8 21.
c5 dxc5 22. Nd3 b6 23. Nxe5 Bb5 24. d6 Bf6 25. Rd5 Re8 26. d7 Rd8 27. Rcd1 Bxe5
28. Rxe5 Rxd7 1/2-1/2

[Event "División de Honor Aragonesa 2019 - Encuentros por tableros Global"]
[Site ""]
[Date "2019.03.02"]
[Round "6.28"]
[White "Fabre Perez, Jose Maria"]
[Black "Cobo Garrido, Diego Israel"]
[Result "1-0"]
[WhiteElo "1994"]
[BlackElo "2084"]
[PlyCount "0"]
[WhiteTeam "Delicias"]
[BlackTeam "ONCE C.A. Aragon"]
[EventDate "2019.01.26"]

1. c4 Nf6 2. Nc3 e6 3. e4 d5 4. e5 Nfd7 5. d4 dxc4 6. Bxc4 c5 7. Nf3 cxd4 8.
Qxd4 Nc6 9. Qf4 Qa5 10. O-O a6 11. Re1 Be7 12. Bd2 Qc7 13. Rac1 Qb8 14. Qg3 Kf8
15. h4 b5 16. Bb3 Nc5 17. Bc2 Nb4 18. Bg5 Qa7 19. Nd4 Bxg5 20. Qxg5 Qe7 21.
Qxe7+ Kxe7 22. Red1 Bb7 23. Bb1 Rac8 24. a3 Nd5 25. Nxd5+ Bxd5 26. Nf5+ exf5
27. Rxd5 Ne4 28. Rcd1 Rhd8 29. Rxd8 Rxd8 30. Rxd8 Kxd8 31. f3 Ng3 32. Kf2 f4
33. Ba2 Ke7 34. b4 Nf5 35. h5 Nd4 36. Bb1 Nc6 37. Bxh7 Nxe5 38. Be4 Nc4 39. Bb7
Nxa3 40. Bxa6 Kd7 41. Ke2 Kc6 42. Kd3 Nc4 43. Bc8 Ne3 44. g4 f6 45. Ke4 Kd6 46.
Bb7 Nc2 47. Kf5 Ke7 48. Kg6 Kf8 49. h6 gxh6 50. Kxf6 Nxb4 51. Kg6 h5 52. Kxh5
Kg7 53. Kg5 Nd3 54. Be4 Nc5 55. Kxf4 b4 56. Bb1 b3 57. Ke5 Na4 58. Kd4 Kf6 59.
f4 Nb6 60. Kc5 Nd7+ 61. Kd6 Nb6 62. g5+ Kg7 63. f5 Nc4+ 64. Ke7 Ne5 65. f6+ Kg8
66. g6 Nc6+ 67. Ke8 1-0

[Event "División de Honor Aragonesa 2019 - Encuentros por tableros Global"]
[Site ""]
[Date "2019.03.02"]
[Round "6.29"]
[White "Garcia Fernandez, Javier"]
[Black "Colas Longares, Rafael P."]
[Result "0-1"]
[WhiteElo "2179"]
[BlackElo "2337"]
[PlyCount "0"]
[WhiteTeam "Teruel"]
[BlackTeam "Enroque"]
[EventDate "2019.01.26"]

1. d4 g6 2. c4 Bg7 3. Nc3 d6 4. e4 Nd7 5. Nge2 e5 6. d5 Ne7 7. Ng3 O-O 8. Be2
f5 9. exf5 Nxf5 10. Nxf5 gxf5 11. f4 Qe7 12. O-O Nf6 13. fxe5 dxe5 14. Bg5 Bd7
15. Qd2 Qf7 16. Rae1 Qg6 17. Be3 Kh8 18. Kh1 Rg8 19. Bf3 Ng4 20. Bg1 Bh6 21.
Qe2 Rae8 22. h3 Nf6 23. Qc2 e4 24. Bd1 e3 25. Bf3 f4 26. Qxg6 hxg6 27. Bh2 g5
28. Rg1 g4 29. hxg4 Nxg4 30. Rgf1 Nf2+ 31. Kg1 Bh3 32. Re2 Bxg2 33. Bxg2 f3 34.
Rfxf2 exf2+ 35. Kxf2 fxe2 0-1

[Event "División de Honor Aragonesa 2019 - Encuentros por tableros Global"]
[Site ""]
[Date "2019.03.02"]
[Round "6.30"]
[White "Garcia Vicente, Nieves"]
[Black "Dominguez Bujeda, Jesus"]
[Result "1/2-1/2"]
[WhiteElo "2189"]
[BlackElo "2062"]
[PlyCount "0"]
[WhiteTeam "Enroque"]
[BlackTeam "Teruel"]
[EventDate "2019.01.26"]

1. d4 d5 2. c4 e6 3. Nc3 Nf6 4. Bg5 Be7 5. Nf3 O-O 6. e3 h6 7. Bxf6 Bxf6 8. Qd2
a6 9. O-O-O dxc4 10. Bxc4 b5 11. Bd3 Bb7 12. Kb1 Nd7 13. Ne4 Be7 14. Qe2 f5 15.
Ng3 c5 16. dxc5 Bxc5 17. Nd4 Qe7 18. f4 Nf6 19. Bc2 Rad8 20. Rhe1 Bd5 21. h3
Qb7 22. Rg1 Rfe8 23. Nh5 Nxh5 24. Qxh5 Be4 25. Qe2 Rc8 26. Bxe4 Qxe4+ 27. Qd3
Red8 28. Qxe4 fxe4 1/2-1/2

[Event "División de Honor Aragonesa 2019 - Encuentros por tableros Global"]
[Site ""]
[Date "2019.03.02"]
[Round "6.31"]
[White "Martin Catalan, Juan Vicente"]
[Black "Avellanas Pau, Miguel Angel"]
[Result "1-0"]
[WhiteElo "2028"]
[BlackElo "1845"]
[PlyCount "0"]
[WhiteTeam "Teruel"]
[BlackTeam "Enroque"]
[EventDate "2019.01.26"]

1. d4 Nf6 2. Bf4 d5 3. e3 e6 4. Nd2 Bd6 5. Bg5 c6 6. f4 Nbd7 7. Bd3 c5 8. c3 c4
9. Bc2 Qc7 10. Ngf3 b6 11. Bxf6 Nxf6 12. Ne5 Bd7 13. Qe2 b5 14. a3 Bc6 15. O-O
Bb7 16. Rf3 Ne4 17. Raf1 O-O-O 18. Rh3 g5 19. Bxe4 dxe4 20. Qh5 Bxe5 21. fxe5
Rd7 22. Rf6 a5 23. Rh6 Rg8 24. Rg3 Qd8 25. Rf6 Qe7 26. Rxg5 Rf8 27. Qh4 b4 28.
axb4 axb4 29. Nxc4 bxc3 30. Nd6+ Kd8 31. Nxb7+ Rxb7 32. bxc3 Rb2 33. Qxe4 Qc7
34. Qa8+ Rb8 35. Qa3 Re8 36. Rg7 Rb1+ 37. Kf2 Qb7 38. Qd6+ Kc8 39. d5 Qb2+ 40.
Kg3 Rg1 41. Qc6+ Kd8 42. dxe6 Rxg2+ 43. Qxg2 1-0

[Event "División de Honor Aragonesa 2019 - Encuentros por tableros Global"]
[Site ""]
[Date "2019.03.02"]
[Round "6.32"]
[White "Campo Pelegrin, Ramon"]
[Black "Gomez Calomarde, Saul"]
[Result "0-1"]
[WhiteElo "1795"]
[BlackElo "2033"]
[PlyCount "0"]
[WhiteTeam "Enroque"]
[BlackTeam "Teruel"]
[EventDate "2019.01.26"]

1. e4 c5 2. Nc3 Nc6 3. f4 g6 4. Nf3 Bg7 5. Bb5 Na5 6. Be2 a6 7. d3 b5 8. Nd5 e6
9. Ne3 d5 10. exd5 exd5 11. c3 d4 12. cxd4 cxd4 13. Nf1 Bb7 14. Ng3 Nf6 15. O-O
Ng4 16. Ng5 Ne3 17. Bxe3 dxe3 18. Rb1 b4 19. N3e4 h6 20. Qa4+ Bc6 21. Qxb4 hxg5
22. Nd6+ Kf8 23. fxg5 Kg8 24. Nxf7 Qb8 25. Qxb8+ Rxb8 26. Nxh8 Bxh8 27. b4 Nb7
28. Rbc1 Nd8 29. Rc4 Bd5 30. Rcf4 Ne6 31. Rg4 Nd4 32. Re1 Rxb4 33. Bd1 e2 34.
Bb3 Bxb3 35. axb3 Rxb3 36. h4 Rxd3 37. Kf2 a5 38. Rxe2 Nxe2 39. Kxe2 Rb3 40.
Rc4 Bc3 41. g4 Bb4 42. h5 gxh5 43. gxh5 Rg3 44. Rc8+ Kf7 45. h6 Kg6 46. Rg8+
Kh7 47. Rg7+ Kh8 48. Kf2 Bc3 49. Rg6 Be5 50. Re6 Rxg5 51. Ke3 a4 52. Ra6 a3 53.
Kd3 0-1

[Event "ARA Campeonato de Aragon por Equipos Preferente Grupo I (204363)"]
[Site ""]
[Date "2019.03.02"]
[Round "6.33"]
[White "Gil Pineiro, David"]
[Black "Hinojar Basa, Alfonso"]
[Result "0-1"]
[WhiteElo "1911"]
[BlackElo "2192"]
[PlyCount "0"]
[WhiteTeam "Teruel B"]
[BlackTeam "Marcos Frechin A"]
[EventDate "2019.01.26"]

1.d4 e6 2.Bf4 Nf6 3.Nf3 c5 4.e3 Nc6 5.Nbd2 d5 6.c3 cxd4 7.exd4 Nh5 8.Bg5
f6 9.Ne5 g6 10.Nxc6 bxc6 11.Be3 Bd6 12.Bd3 Nf4 13.Bxf4 Bxf4 14.O-O O-O
15.Re1 Qc7 16.g3 Bd6 17.c4 e5 18.cxd5 cxd5 19.Rc1 Qf7 20.Nb3 e4 21.Bf1
Rb8 22.Rc2 f5 23.f4 g5 24.fxg5 Qg6 25.Qd2 f4 26.gxf4 Rxf4 27.Rc6 Rg4+ 28.Kh1
Bb7 29.Rc2 Rf8 30.Nc5 Bc8 31.Bh3 e3 32.Qd3 Bf5 33.Qxe3 Be4+ 34.Nxe4 Rxe4
  0-1

[Event "ARA Campeonato de Aragon por Equipos Preferente Grupo I (204363)"]
[Site ""]
[Date "2019.03.02"]
[Round "6.34"]
[White "Ciriano Lamban, Alejandro"]
[Black "Arpa Pardos, Emilio"]
[Result "1-0"]
[WhiteElo "2041"]
[BlackElo "1900"]
[PlyCount "0"]
[WhiteTeam "Marcos Frechin A"]
[BlackTeam "Teruel B"]
[EventDate "2019.01.26"]

1.Nf3 Nf6 2.c4 c6 3.g3 d5 4.Bg2 dxc4 5.a4 Bf5 6.Na3 e6 7.Nxc4 Bb4 8.O-O
Nbd7 9.d3 a5 10.Bf4 Qe7 11.Nfe5 Rc8 12.e4 Bg6 13.Bg5 Nxe5 14.Nxe5 Qc7 15.Ng4
Nxg4 16.Qxg4 O-O 17.h4 f5 18.Qe2 Bd6 19.h5 Bf7 20.d4 fxe4 21.Bxe4 Bxg3
22.fxg3 Qxg3+ 23.Qg2 Qxg2+ 24.Kxg2 Bxh5 25.Rxf8+ Rxf8 26.Rf1 Rxf1 27.Kxf1
Bd1 28.Bd8 Bxa4 29.Bxa5 Bd1 30.Kf2 Kf7 31.Kg3 h6 32.Kf4 Be2 33.Ke5 g5 34.Bd8
Bc4 35.b4 Be2 36.Kd6 Ke8 37.Kc7 Ba6 38.Bg6+ Kf8 39.Bf6 g4 40.Be5 Ke7 41.Bh5
Be2 42.Kxb7 Bf3 43.Kc7 Kf8 44.Kd6 Bd5 45.Bxg4 Kf7 46.Bh5+ Kf8 47.Be2 Kf7
48.Bh5+ Kf8 49.Bf4 Kg7 50.Ke7 Bc4 51.Be5+ Kh7 52.Kf7 Bd3 53.Kxe6 Be4 54.Kd6
Kg8 55.Be8   1-0

[Event "ARA Campeonato de Aragon por Equipos Preferente Grupo I (204363)"]
[Site ""]
[Date "2019.03.02"]
[Round "6.35"]
[White "Barcena Laguia, Francisco"]
[Black "Ruiperez Gumiel, Ramon"]
[Result "1/2-1/2"]
[WhiteElo "1804"]
[BlackElo "1873"]
[PlyCount "0"]
[WhiteTeam "Teruel B"]
[BlackTeam "Marcos Frechin A"]
[EventDate "2019.01.26"]

1.d4 d5 2.Nf3 c6 3.Nc3 Nf6 4.Bf4 e6 5.e3 Nh5 6.Bg3 Nd7 7.Bd3 Nxg3 8.hxg3
g6 9.Qd2 f5 10.g4 Bg7 11.gxf5 exf5 12.Ne2 Nf6 13.c4 Ne4 14.Qc2 Qa5+ 15.Nd2
Qxd2+ 16.Qxd2 Nxd2 17.Kxd2 dxc4 18.Bxc4 Bd7 19.Nf4 g5 20.Nh5 Kf8 21.Nxg7
Kxg7 22.Rac1 Rad8 23.Bd3 Be6 24.a3 h6 25.Rc5 Rd5 26.Rhc1 Rhd8 27.b4 Kf6
28.g3 Rxc5 29.bxc5 Bd5 30.Rb1 Rd7 31.Kc3 Be4 32.Bxe4 fxe4 33.Rh1 Kg6 34.g4
Rf7 35.Rh2 Rd7 36.a4 Kg7 37.a5   1/2-1/2

[Event "ARA Campeonato de Aragon por Equipos Preferente Grupo I (204363)"]
[Site ""]
[Date "2019.03.02"]
[Round "6.37"]
[White "Sanchez Herrera, Miguel"]
[Black "Galve Guinea, Alejandro"]
[Result "1/2-1/2"]
[WhiteElo "2088"]
[BlackElo "2001"]
[PlyCount "0"]
[WhiteTeam "Agrupacion B"]
[BlackTeam "El Olivar C"]
[EventDate "2019.01.26"]

1. Nf3 Nf6 2. c4 c6 3. Nc3 d5 4. e3 e6 5. b3 Nbd7 6. Bb2 Bd6 7. d4 O-O 8. Bd3
Qe7 9. O-O dxc4 10. bxc4 e5 11. Qc2 Re8 12. Ng5 h6 13. Nge4 Bc7 14. d5 Nxe4 15.
Nxe4 Nf6 16. dxc6 bxc6 17. a4 Nxe4 18. Bxe4 Qe6 19. g3 f5 20. Bg2 e4 21. Rfd1
Ba6 22. Rac1 Rad8 23. Bf1 Be5 24. Bd4 Bxd4 25. exd4 Qf6 26. d5 cxd5 27. cxd5
Bxf1 28. Kxf1 f4  1/2-1/2

[Event "ARA Campeonato de Aragon por Equipos Preferente Grupo I (204363)"]
[Site ""]
[Date "2019.03.02"]
[Round "6.38"]
[White "Hernandez Delgado, Gabriel"]
[Black "Garcia Morales, Roberto"]
[Result "0-1"]
[WhiteElo "1894"]
[BlackElo "2030"]
[PlyCount "0"]
[WhiteTeam "El Olivar C"]
[BlackTeam "Agrupacion B"]
[EventDate "2019.01.26"]

1. d4 d5 2. Bf4 Nf6 3. e3 c6 4. c4 g6 5. Nc3 Bg7 6. Nf3 O-O 7. Be2 Nbd7 8. Ne5
Re8 9. O-O Nf8 10. Qb3 Ne6 11. Bg3 Qb6 12. cxd5 Qxb3 13. axb3 cxd5 14. Rfc1 Rd8
15. Nb5 a6 16. Nc7 Nxc7 17. Rxc7 Ne8 18. Rc5 Bf5 19. Rac1 Rac8 20. Bd3 Rxc5 21.
Rxc5 Bxe5 22. Bxf5 Bxg3 23. Bc8 Nd6 24. Bg4 Bxf2+ 25. Kxf2 Ne4+ 26. Ke2 Nxc5
27. dxc5 f5 28. Bf3 e5 29. Kd2 Kf7 30. Kc3 Ke6 31. b4 h5 32. g3 g5 33. Bxh5 g4
34. h3 gxh3 35. g4 e4  0-1

[Event "ARA Campeonato de Aragon por Equipos Preferente Grupo I (204363)"]
[Site ""]
[Date "2019.03.02"]
[Round "6.39"]
[White "Carruez Berges, Santiago"]
[Black "Labrador Postigo, Francisco M."]
[Result "1/2-1/2"]
[WhiteElo "2024"]
[BlackElo "1876"]
[PlyCount "0"]
[WhiteTeam "Agrupacion B"]
[BlackTeam "El Olivar C"]
[EventDate "2019.01.26"]

1. e4 c5 2. d4 cxd4 3. c3 g6 4. cxd4 d5 5. exd5 Nf6 6. Bb5+ Bd7 7. Bc4 Bg7 8.
Qb3 O-O 9. Qxb7 Qc8 10. Qxc8 Rxc8 11. Nd2 Ne4 12. Ngf3 Nxd2 13. Nxd2 Bxd4 14.
Bd3 a5 15. Nf3 Bf6 16. Rb1 Na6 17. Bg5 Nb4 18. Be4 Bxg5 19. Nxg5 h6 20. a3 hxg5
21. axb4 Rc4 22. Bf3 g4 23. Be2 Re4 24. Kd2 Rd4+ 25. Ke3 Rxb4 26. Rhc1 Rab8 27.
Bd3 R8b7 28. Rc4 Rb3 29. Ra1 a4 30. Ra2 Rxb2 31. Rxb2 Rxb2 32. Rc7 Bf5 33. Bxf5
gxf5 34. Rxe7 Kf8 35. Ra7 Rb4 36. d6 Re4+ 37. Kd3 Ke8 38. f3 gxf3 39. gxf3 Rh4
40. Re7+ Kf8 41. Ra7 Ke8 42. Ke3 Rxh2 43. Rxa4 Kd7 44. Ra7+ Kxd6 45. Rxf7 Ke6 
1/2-1/2